00943nam a2200265Ia 4500003000400000005001700004008004100021020001800062040001900080041000800099082002300107100003000130245005000160250001200210260003400222300002800256650004700284650004100331650004900372650004200421650004300463942003600506999001900542952011600561OSt20240628143333.0210716s1994 xx 000 0 und d a9781874416265 cAIMIIT LIBRARY aeng a005.1331 21bYARO aYaroshenko, Oleg.9171934 aBeginners guide to c++ /cBy Oleg Yaroshenko. a1st ed. aUK :bWrox Press Ltd ;c1994. axii,691p. ;bPBc23 cm. aWorking with large amounts of data9171935 aUsing and creating functions9171936 aCombining data and code into classes9171937 aInheritance and encapsulation9171938 aUsing preprocessing directives9171939 2ddccBKe1st ed.k005.1331 YARO c180793d180793 00102ddc40708MCAaAIMITbAIMITd2021-07-16l0o005.1331 YAROpMCA00301r2025-07-21 00:00:00w2021-07-16yBK